000 00350nam a2200133Ia 4500
008 240624s9999 xx 000 0 und d
041 _aeng
082 _a355.0335 HEU
100 _aHEUSER BEATRICE
245 _aSTRATEGY MAKERS THOUGHTS ON WAR AND SOCI
260 _c2010
_aCalifornia
_bPraeger
300 _ax, : 232 : p. : cm. ; 24
365 _c
_b30
999 _c26928
_d26928